LIBRARY & INFORMATION CENTRE, KCAET, TAVANUR

ONLINE PUBLIC ACCESS CATALOGUE (OPAC)

Essentials Educational measurement / (Record no. 12389)

MARC details
000 -LEADER
fixed length control field 00465cam a2200181ua 4500
003 - CONTROL NUMBER IDENTIFIER
control field OSt
008 - FIXED-LENGTH DATA ELEMENTS--GENERAL INFORMATION
fixed length control field 240203b |||||||| |||| 00| 0 eng d
020 ## - INTERNATIONAL STANDARD BOOK NUMBER
ISBN 9788120307001
041 ## - LANGUAGE CODE
Language code of text/sound track or separate title eng
082 ## - DEWEY DECIMAL CLASSIFICATION NUMBER
Classification number 371.26
Item number EBE/ES
100 ## - MAIN ENTRY--AUTHOR NAME
Personal name Robert L, Ebel .
245 ## - TITLE STATEMENT
Title Essentials Educational measurement /
250 ## - EDITION STATEMENT
Edition statement 5th ed.
260 ## - PUBLICATION, DISTRIBUTION, ETC. (IMPRINT)
Place of publication New Jersey :
Name of publisher Prentice Hall Inc ,
Year of publication 2004.
300 ## - PHYSICAL DESCRIPTION
Number of Pages 370 ; .
700 1# - ADDED ENTRY--PERSONAL NAME
Personal name David, Frisbie .
942 ## - ADDED ENTRY ELEMENTS (KOHA)
Koha item type Books
Holdings
Withdrawn status Lost status Damaged status Home library Current library Shelving location Date acquired Full call number Accession Number Koha item type
      KAUAET KAUAET General Stacks 07/04/2012 371.26 EBE/ES 20931 Books
free website counter